All The Strokes Songs - Statistics

General Stats
  • This quiz has been taken 216 times
  • The average score is 48 of 82
Answer Stats
Answer % Correct
Is This It
94%
Someday
90%
The Adults Are Talking
89%
Last Nite
88%
Ode To The Mets
86%
Soma
84%
New York City Cops
83%
Selfless
83%
12:51
81%
Barely Legal
81%
The Modern Age
81%
Hard To Explain
80%
You Only Live Once
80%
Machu Picchu
79%
Brooklyn Bridge To Chorus
77%
Why Are Sundays So Depressing
77%
What Ever Happened?
76%
Call It Fate, Call It Karma
75%
Razorblade
74%
Take It or Leave It
74%
At The Door
73%
Meet Me in the Bathroom
73%
Under Cover of Darkness
72%
Eternal Summer
71%
Juicebox
71%
Bad Decisions
70%
Trying Your Luck
70%
Alone, Together
69%
Welcome To Japan
68%
Heart In a Cage
67%
Automatic Stop
66%
Oblivius
66%
The End Has No End
65%
Ize of the World
64%
80's Comedown Machine
63%
Not The Same Anymore
62%
50/50
61%
I Can't Win
61%
Taken for a Fool
61%
Taken for a Fool
61%
Threat of Joy
61%
Under Control
61%
Drag Queen
60%
Tap Out
60%
One Way Trigger
58%
Life Is Simple in the Moonlight
57%
Red Light
57%
You Talk Way Too Much
57%
Chances
56%
Slow Animals
55%
Between Love & Hate
54%
Games
54%
Electricityscape
52%
On the Other Side
52%
The Way It Is
52%
Vision of Division
52%
When It Started
52%
Hawaii
51%
Call Me Back
50%
Gratisfaction
50%
Modern Girls & Old Fashion Men
50%
15 Minutes
49%
Partners In Crime
49%
All The Time
47%
Ask Me Anything
45%
Fast Animals
45%
Fear of Sleep
45%
Metabolism
45%
Evening Sun
43%
I'll Try Anything Once
43%
Reptilla
43%
Happy Ending
41%
Two Kinds of Happiness
40%
Killing Lies
39%
You're So Right
35%
Mercy Mercy Me (The Ecology)
32%
Clampdown
26%
Elephant Song
17%
In Her Prime
16%
Rhythm Song
11%
This Life
8%
Life's a Gas
4%
No matching quizzes found
Score Distribution
Percent of People with Each Score
Percentile by Number Answered
Your Score History
You have not taken this quiz